Local government goes online (Record no. 70789)
[ view plain ]
| 000 -LEADER | |
|---|---|
| fixed length control field | 00951cam a2200217 4500 |
| 001 - CONTROL NUMBER | |
| control field | WB3827-10 |
| 008 - FIXED-LENGTH DATA ELEMENTS--GENERAL INFORMATION | |
| fixed length control field | 020723n2002 000 0 eng u |
| 035 ## - SYSTEM CONTROL NUMBER | |
| System control number | (Sirsi) u118994 |
| 245 ## - TITLE STATEMENT | |
| Title | Local government goes online |
| 260 ## - PUBLICATION, DISTRIBUTION, ETC. | |
| Date of publication, distribution, etc. | 2002 |
| 490 ## - SERIES STATEMENT | |
| Series statement | ODPM News Release |
| Volume/sequential designation | (041) 22 July 2002, (3) |
| 520 ## - SUMMARY, ETC. | |
| Summary, etc. | Government has launched a new website where the public can check up on the performance of their local councils online on the quality of 97 services such as the amount of waste recycled locally. Using Best Value Performance Indicators, the site allows users to analyse and compare data across councils at national, regional and sub-regional levels, and by different groupings of authorities. |
| 590 ## - LOCAL NOTE (RLIN) | |
| Local note | WB |
| 650 ## - SUBJECT ADDED ENTRY--TOPICAL TERM | |
| Topical term or geographic name entry element | PERFORMANCE INDICATORS |
| 650 ## - SUBJECT ADDED ENTRY--TOPICAL TERM | |
| Topical term or geographic name entry element | BEST VALUE |
| 650 ## - SUBJECT ADDED ENTRY--TOPICAL TERM | |
| Topical term or geographic name entry element | ONLINE SERVICES |
| 650 ## - SUBJECT ADDED ENTRY--TOPICAL TERM | |
| Topical term or geographic name entry element | LOCAL COUNCILS |
| 690 ## - LOCAL SUBJECT ADDED ENTRY--TOPICAL TERM (OCLC, RLIN) | |
| Topical term or geographic name as entry element | LOCAL GOVERNMENT |
| 856 ## - ELECTRONIC LOCATION AND ACCESS | |
| Host name | http://www.odpm.gov.uk/news/0207/0041.htm |
| 942 ## - ADDED ENTRY ELEMENTS (KOHA) | |
| Suppress in OPAC | 0 |
| Withdrawn status | Lost status | Source of classification or shelving scheme | Damaged status | Not for loan | Home library | Current library | Shelving location | Date acquired | Total Checkouts | Full call number | Barcode | Date last seen | Copy number | Price effective from | Koha item type |
|---|---|---|---|---|---|---|---|---|---|---|---|---|---|---|---|
| Dewey Decimal Classification | London | London | News article | 23/07/2002 | WB3827-10 | 118994-1001 | 06/08/2019 | 1 | 06/08/2019 | News article |